Výpočtová technika v sklárskom priemysle 4. seminár
Na minha lista:
| Formato: | Livro |
|---|---|
| Idioma: | eslovaco |
| Publicado em: |
Bratislava
Dom techniky ČSVTS
1983
|
| Tags: |
Sem tags, seja o primeiro a adicionar uma tag!
|
MARC
| LEADER | 00000nam a2200000 4500 | ||
|---|---|---|---|
| 001 | c116328 | ||
| 005 | 20221220091026.8 | ||
| 041 | 0 | |a slo | |
| 044 | |a SK | ||
| 245 | 1 | 0 | |a Výpočtová technika v sklárskom priemysle |b 4. seminár |
| 264 | 1 | |a Bratislava |b Dom techniky ČSVTS |c 1983 | |
| 300 | |a 127 s. | ||